Statistiques concernant Quiz sur le Ghana

Cliquez ici pour prendre le quiz!

Statistiques générales

  • Ce quiz a été pris 3 547 fois
  • Le résultat moyen est 11 sur 20

Statistiques - réponses

QuestionRéponse% Correct
Pays frontaliersTogo
91%
Langue officielleAnglais
90%
Pays frontaliersCôte d'Ivoire
90%
Colonisateur (1821 - 1957)Royaume-Uni
87%
Pays frontaliersBurkina Faso
86%
Méridien remarquable qui
traverse notamment le Ghana
Méridien de
{Greenwich}
80%
Colonisateur (1482 - 1642)Portugal
79%
CapitaleAccra
78%
Golfe qui borde le GhanaGolfe de {Guinée}
75%
...ainsi que le deuxième producteur
mondial de ces graines (ou fèves)
Cacao
68%
Colonisateur (1598 - 1872)Pays-Bas
66%
Défenseur central ghanéen qui
remporté la coupe du monde 1998
avec l'Équipe de France dont il
deviendra ensuite le capitaine
Marcel Desailly
42%
Diplomate ghanéen qui fut secrétaire
général de l'ONU de 1997 à 2006
et lauréat Prix Nobel de la Paix 2001
Kofi Annan
30%
Colonisateur (1650 - 1663)Suède
29%
Nom colonial du GhanaCôte-de-l'Or
27%
Colonisateur (1663 - 1850)Danemark
27%
Plus grand lac artificiel du monde dont
le nom rappelle un chimiste italien
Lac Volta
22%
Colonisateur (1682 - 1721)Brandebourg
16%
Le Ghana est le deuxième producteur
mondial de ce tubercule comestible...
Igname
15%
Groupe ethnique auquel 47,5%
de la population appartient
Akan
10%

Distribution des résultats

Percentile par nombre de réponses

% des personnes avec chaque résultat

Votre développement - résultats

Vous n’avez pas pris ce quiz